000 00340 a2200109 4500
001 ART_22282
005 20260410161928.0
008 260409a
245 1 0 _aResponsabilidad y reconciliación nacional en Sudáfrica
100 1 _aBrankovic, Jasmina
773 0 _tDerechos humanos
_g- Año II, Nº 4 (nov. 2013)
_wREV22278
999 _c28317
_d28317